| 000 | 01454pam a2200373Ia 4500 | ||
|---|---|---|---|
| 001 | ebr10740001 | ||
| 003 | CaPaEBR | ||
| 006 | m o u | ||
| 007 | cr cn||||||||| | ||
| 008 | 011116s2002 miu sb s001 0 eng d | ||
| 010 | _z 2001007076 | ||
| 020 | _z0472088084 | ||
| 020 | _z9780472029747 | ||
| 020 | _z9780472088089 | ||
| 040 |
_aCaPaEBR _cCaPaEBR |
||
| 035 | _a(OCoLC)855019734 | ||
| 050 | 1 | 4 |
_aP53.27 _b.L58 2002eb |
| 082 | 0 | 4 |
_a418/.0071 _221 |
| 100 | 1 |
_aLiu, Jun, _d1959- |
|
| 245 | 1 | 0 |
_aPeer response in second language writing classrooms _h[electronic resource] / _cJun Liu, Jette G. Hansen. |
| 260 |
_aAnn Arbor : _bUniversity of Michigan Press, _cc2002. |
||
| 300 | _aviii, 182 p. | ||
| 440 | 0 | _aMichigan series on teaching multilingual writers | |
| 504 | _aIncludes bibliographical references (p. 169-175) and index. | ||
| 533 |
_aElectronic reproduction. _bPalo Alto, Calif. : _cebrary, _d2013. _nAvailable via World Wide Web. _nAccess may be limited to ebrary affiliated libraries. |
||
| 650 | 0 |
_aLanguage and languages _xStudy and teaching. |
|
| 650 | 0 | _aComposition (Language arts) | |
| 650 | 0 |
_aRhetoric _xStudy and teaching. |
|
| 650 | 0 | _aGroup work in education. | |
| 655 | 7 |
_aElectronic books. _2local |
|
| 700 | 1 |
_aHansen, Jette G., _d1967- |
|
| 710 | 2 | _aebrary, Inc. | |
| 856 | 4 | 0 |
_uhttp://site.ebrary.com/lib/rucke/Doc?id=10740001 _zAn electronic book accessible through the World Wide Web; click to view |
| 999 |
_c149487 _d149487 |
||